000
00265nam a2200109Ia 4500
008
190914s9999||||xx |||||||||||||| ||und||
100
_a
Dr. Ishtiaq Qureshi
245
0
_a
Education In Pakistan
260
_a
Delhi
_b
Addison -Wesley
_c
2003
300
_a
519
942
_c
BK
999
_c
8920
_d
8920